[Event "Tournoi Skype 014B"]
[Site "Skype"]
[Date "????.??.??"]
[Round "2.2"]
[White "Talbot, Jacques"]
[Black "Capdeville, Jean"]
[Result "1-0"]
[WhiteElo "1475"]
[BlackElo "1353"]
[PlyCount "107"]

1. e4 e5 2. Nf3 Nc6 3. Bb5 Nd4 4. Nxd4 exd4 5. d3 Bb4+ 6. Bd2 Bxd2+ 7. Nxd2 c6
8. Bc4 h6 9. O-O Ne7 10. Nf3 d5 11. exd5 cxd5 12. Bb5+ Nc6 13. Nxd4 O-O 14.
Nxc6 bxc6 15. Ba4 Bb7 16. Re1 Re8 17. Re2 Rxe2 18. Qxe2 Qe8 19. Re1 Qxe2 20.
Rxe2 Kf8 21. f4 Re8 22. Kf2 Rxe2+ 23. Kxe2 f5 24. Bb3 g5 25. fxg5 hxg5 26. g3
Ke7 27. Ke3 Ke6 28. Kd4 g4 29. c4 Kd6 30. c5+ Ke6 31. Ba4 a5 32. a3 f4 33. gxf4
Kf5 34. Ke3 Ba8 35. b4 axb4 36. axb4 Bb7 37. b5 cxb5 38. Bxb5 d4+ 39. Kxd4 Kxf4
40. c6 Bc8 41. c7 Kf3 42. Bc6+ Kf2 43. Kc5 Kg1 44. h4 gxh3 45. d4 h2 46. Be4
h1=Q 47. Bxh1 Kxh1 48. d5 Bd7 49. Kd6 Bc8 50. Ke7 Kg2 51. Kd8 Bb7 52. c8=Q Bxc8
53. Kxc8 Kf3 54. d6 1-0

[Event "Tournoi Skype 014B"]
[Site "Skype"]
[Date "????.??.??"]
[Round "2.3"]
[White "Hague, Mark"]
[Black "Cossalter, Maurizio"]
[Result "0-1"]
[WhiteElo "1367"]
[BlackElo "1459"]
[PlyCount "46"]

1. e4 c5 2. d4 cxd4 3. c3 dxc3 4. Nxc3 Nc6 5. Bc4 Nf6 6. Nf3 d6 7. O-O e6 8.
Bg5 Be7 9. Qe2 O-O 10. Rfd1 Nd7 11. Bxe7 Qxe7 12. Nb5 Nde5 13. Nxd6 Nxf3+ 14.
Qxf3 Ne5 15. Qe2 b6 16. Nxc8 Raxc8 17. Bb3 Qg5 18. f3 Rfd8 19. Rac1 Rxc1 20.
Rxc1 Qxc1+ 21. Kf2 Rd2 22. Qxd2 Qxd2+ 23. Kf1 Nd3 0-1

[Event "Tournoi Skype 014B"]
[Site "Skype"]
[Date "????.??.??"]
[Round "2.4"]
[White "Vincent, Andre"]
[Black "De Coninck, Philippe"]
[Result "0-1"]
[WhiteElo "1353"]
[BlackElo "1452"]
[PlyCount "78"]

1. d4 e5 2. dxe5 Nc6 3. Nf3 Bc5 4. c3 Nge7 5. e4 Ng6 6. Bg5 Be7 7. Bxe7 Qxe7 8.
g3 Ncxe5 9. Nxe5 Nxe5 10. Be2 O-O 11. O-O d6 12. Nd2 Bh3 13. Re1 f5 14. f4 Ng6
15. Bc4+ Kh8 16. exf5 Qf6 17. fxg6 Qxg6 18. Re7 Rxf4 19. Qe1 Raf8 20. Qe3 c5
21. Re1 h5 22. Rxb7 h4 23. Nf1 Rxc4 24. Qe7 Rxf1+ 25. Rxf1 Bxf1 26. Qf8+ Kh7
27. Qxf1 Rg4 28. Qf3 hxg3 29. Kg2 gxh2+ 30. Kxh2 Rh4+ 31. Qh3 Rxh3+ 32. Kxh3
Kh6 33. Rxa7 Kh5 34. Re7 Qf5+ 35. Kg2 g5 36. Re3 g4 37. Kg3 Kg5 38. Kg2 Qf4 39.
Re2 Qf3+ 0-1

[Event "Tournoi Skype 014B"]
[Site "Skype"]
[Date "????.??.??"]
[Round "2.5"]
[White "Gabriele, Noel"]
[Black "Kruzeniski, Randy"]
[Result "0-1"]
[WhiteElo "1347"]
[BlackElo "1436"]
[PlyCount "84"]

1. e4 c5 2. Bc4 d6 3. h3 Nf6 4. Nc3 Nc6 5. Nf3 a6 6. e5 dxe5 7. Ng5 e6 8. O-O
h6 9. Nge4 Nxe4 10. Nxe4 b5 11. Be2 f5 12. Bh5+ Ke7 13. Nxc5 g5 14. c3 Qd5 15.
Nb3 Bb7 16. d4 Nxd4 17. f3 Nxb3 18. axb3 Qc5+ 19. Kh1 Rd8 20. Qc2 b4 21. c4 Bg7
22. Re1 Rd6 23. Be3 Qc6 24. Re2 e4 25. fxe4 fxe4 26. Rf1 Rf8 27. Ref2 Rxf2 28.
Qxf2 Rd7 29. Qf7+ Kd6 30. Rd1+ Kc7 31. Rxd7+ Qxd7 32. Qf2 Bc6 33. Bb6+ Kb7 34.
Ba5 Bd4 35. Qd2 Bc5 36. Qc2 Qd3 37. Qxd3 exd3 38. Bd8 e5 39. Bf6 e4 40. Be5 e3
41. Bg3 d2 42. Be2 Be4 0-1

[Event "Tournoi Skype 014B"]
[Site "Skype"]
[Date "????.??.??"]
[Round "2.6"]
[White "Ramirez Reina, Orlando"]
[Black "Gharbi, Said"]
[Result "1-0"]
[WhiteElo "1431"]
[BlackElo "1339"]
[PlyCount "74"]

1. e4 e5 2. Nf3 Nf6 3. Nc3 Bb4 4. Bc4 Bxc3 5. bxc3 d6 6. d3 Nc6 7. O-O O-O 8.
h3 a6 9. a3 Na5 10. Ba2 b5 11. Bg5 h6 12. Bxf6 Qxf6 13. d4 Qg6 14. Kh2 Qxe4 15.
Re1 Qf4+ 16. g3 Qf5 17. g4 Qf4+ 18. Kg1 Bb7 19. Re3 Rfe8 20. Qe2 Bxf3 21. Qxf3
Qg5 22. Bxf7+ Kh8 23. Bxe8 Rxe8 24. Qf5 Qe7 25. dxe5 dxe5 26. Rf3 e4 27. Re3
Nc4 28. Re2 e3 29. fxe3 Nxe3 30. Qf4 Qc5 31. Qd4 Qg5 32. Rae1 Rd8 33. Qxe3 Qd5
34. Qd4 Qa8 35. Qxd8+ Qxd8 36. Re8+ Qxe8 37. Rxe8+ Kh7 1-0

[Event "Tournoi Skype 014B"]
[Site "Skype"]
[Date "????.??.??"]
[Round "2.7"]
[White "Rugman, Dan"]
[Black "Kayali, Furkan"]
[Result "0-1"]
[WhiteElo "1340"]
[BlackElo "1424"]
[PlyCount "48"]

1. c4 e5 2. Nc3 Bc5 3. e3 Nf6 4. a3 d6 5. g3 a5 6. Bg2 Nc6 7. Nge2 e4 8. Nxe4
Nxe4 9. Bxe4 Bg4 10. O-O O-O 11. Re1 f5 12. Bc2 Ne5 13. Rf1 Bh3 14. f4 Bxf1 15.
Qxf1 Ng6 16. d4 Bb6 17. Qf3 c6 18. Bd2 Qc7 19. g4 c5 20. d5 Ba7 21. Bc3 fxg4
22. Qxg4 Rae8 23. Bxg6 hxg6 24. Qf3 Qe7 0-1

[Event "Tournoi Skype 014B"]
[Site "Skype"]
[Date "????.??.??"]
[Round "2.8"]
[White "Martin, Jean-Claude"]
[Black "Milanese, Serge"]
[Result "0-1"]
[WhiteElo "1333"]
[BlackElo "1424"]
[PlyCount "90"]

1. d4 d5 2. c4 e6 3. Nc3 Nf6 4. Bg5 Be7 5. e3 c6 6. Nf3 Ne4 7. Bxe7 Qxe7 8. Qc2
Nxc3 9. Qxc3 O-O 10. Bd3 h6 11. O-O f6 12. cxd5 exd5 13. h3 f5 14. Rfe1 Be6 15.
Ne5 Qf6 16. f4 Nd7 17. Nxd7 Bxd7 18. b4 g5 19. g3 gxf4 20. exf4 h5 21. h4 Kh7
22. Re5 Rg8 23. Kh2 Rxg3 24. Kxg3 Qg7+ 25. Kh2 Rg8 26. Bxf5+ Bxf5 27. Re7 Qxe7
28. Qe1 Qg7 29. Qg1 Qf6 30. Qf2 Rg4 31. Rg1 Rxh4+ 32. Kg3 Rh3+ 33. Kg2 Qg7+ 34.
Kf1 Bd3+ 35. Ke1 Qe7+ 36. Kd2 Qxb4+ 37. Kc1 Qc3+ 38. Kd1 Bc2+ 39. Qxc2+ Rd3+
40. Kc1 Qxd4 41. Rd1 Qxf4+ 42. Rd2 Qf1+ 43. Rd1 Qxd1+ 44. Qxd1 Rxd1+ 45. Kxd1
h4 0-1

[Event "Tournoi Skype 014B"]
[Site "Skype"]
[Date "????.??.??"]
[Round "2.9"]
[White "Tamditi, Ibrahim"]
[Black "Perrone, Gabriel Lorenzo"]
[Result "1-0"]
[WhiteElo "1333"]
[BlackElo "1408"]
[PlyCount "77"]

1. e4 e5 2. Nf3 d6 3. Bc4 Nf6 4. Nc3 c6 5. O-O Be7 6. Ng5 O-O 7. Bxf7+ Rxf7 8.
Nxf7 Kxf7 9. d4 Nbd7 10. dxe5 dxe5 11. a3 Nc5 12. b4 Ncxe4 13. Nxe4 Nxe4 14.
Qh5+ Kg8 15. Qxe5 Bf6 16. Qxe4 Bxa1 17. Qc4+ Kh8 18. c3 Qg8 19. Qd4 Be6 20. a4
b5 21. axb5 cxb5 22. Ba3 Rd8 23. Qe3 Bxc3 24. Qxc3 Rc8 25. Qd4 a6 26. Re1 Bd5
27. h3 Rd8 28. Bb2 Rd7 29. Qb6 Bb7 30. Rc1 Qd5 31. f3 Kg8 32. Rc7 Rxc7 33. Qxc7
Qf7 34. Qb8+ Qf8 35. Qxb7 h6 36. Qxa6 Qxb4 37. Qe6+ Kh7 38. Qe5 Qd2 39. Qxg7#
1-0

[Event "Tournoi Skype 014B"]
[Site "Skype"]
[Date "????.??.??"]
[Round "2.10"]
[White "Yeter, Orhan"]
[Black "Steenkamp, Brandt"]
[Result "0-1"]
[WhiteElo "1332"]
[BlackElo "1403"]
[PlyCount "50"]

1. d4 d5 2. Nf3 Nf6 3. c4 e6 4. Bg5 dxc4 5. Nbd2 b5 6. e4 c5 7. e5 cxd4 8. Ne4
Qd5 9. Nxf6+ gxf6 10. Bxf6 Bb4+ 11. Nd2 c3 12. bxc3 dxc3 13. Bxb5+ Qxb5 14. Qc2
cxd2+ 15. Kd1 Ba6 16. Qe4 Qa4+ 17. Qc2 Be2+ 18. Kxe2 Qxc2 19. Rhd1 Qe4+ 20. Kf1
Rg8 21. g3 Nc6 22. a4 Qh1+ 23. Ke2 Nd4+ 24. Kd3 Qf3+ 25. Kxd4 Rg4# 0-1

[Event "Tournoi Skype 014B"]
[Site "Skype"]
[Date "????.??.??"]
[Round "2.11"]
[White "Hargez, Dany"]
[Black "Porcabeuf, Jean-Marc"]
[Result "0-1"]
[WhiteElo "1401"]
[BlackElo "1328"]
[PlyCount "42"]

1. e4 e6 2. d4 d5 3. e5 c5 4. Nf3 Nd7 5. Bb5 Ne7 6. Bg5 Qa5+ 7. Nc3 Ng6 8. O-O
cxd4 9. Qxd4 Bc5 10. Qd1 O-O 11. Bxd7 Bxd7 12. Bd2 Be7 13. Ne4 Qc7 14. Nc3 f6
15. exf6 Bxf6 16. Bg5 Bc6 17. Bxf6 Rxf6 18. Ng5 Nf4 19. Qg4 Rh6 20. Nxe6 Ne2+
21. Nxe2 Qxh2# 0-1

[Event "Tournoi Skype 014B"]
[Site "Skype"]
[Date "????.??.??"]
[Round "2.12"]
[White "Coruble, Didier"]
[Black "Bendre, Pankaj"]
[Result "0-1"]
[WhiteElo "1329"]
[BlackElo "1399"]
[PlyCount "70"]

1. Nf3 d5 2. e3 Nf6 3. d4 c6 4. Nc3 Bg4 5. h3 Bh5 6. Be2 Nbd7 7. O-O e6 8. a3
Bd6 9. Bd3 e5 10. dxe5 Nxe5 11. Be2 Bxf3 12. Bxf3 O-O 13. Be2 Qc7 14. f4 Ng6
15. b4 a6 16. Qe1 Qb6 17. Na4 Qa7 18. Qf2 Ne4 19. Bd3 Nxf2 20. Rxf2 b5 21. Nc3
Ne7 22. Ne2 c5 23. c3 Nc6 24. Rf3 d4 25. cxd4 cxd4 26. Rg3 Rfe8 27. e4 f6 28.
h4 Rxe4 29. Bxe4 Re8 30. Bf3 d3+ 31. Kf1 dxe2+ 32. Bxe2 Nd4 33. Be3 Bxf4 34.
Ra2 Bxg3 35. Rd2 Rxe3 0-1

[Event "Tournoi Skype 014B"]
[Site "Skype"]
[Date "????.??.??"]
[Round "2.13"]
[White "Farthouat, Titoine"]
[Black "Tripathi, Rajnikant"]
[Result "0-1"]
[WhiteElo "1254"]
[BlackElo "1399"]
[PlyCount "36"]

1. e4 c6 2. Nf3 d5 3. exd5 Qxd5 4. Nc3 Qd8 5. Bc4 e6 6. O-O Nf6 7. Re1 Bd7 8.
d4 Be7 9. Bg5 h6 10. Bh4 b5 11. Bd3 Na6 12. a3 Nc7 13. Ne5 Ncd5 14. Nxd5 Nxd5
15. Bxe7 Nxe7 16. Qf3 O-O 17. Qe4 f5 18. c4 fxe4 0-1

[Event "Tournoi Skype 014B"]
[Site "Skype"]
[Date "????.??.??"]
[Round "2.14"]
[White "Lecluyse, Koenraad"]
[Black "Sauvaget, Joel"]
[Result "0-1"]
[WhiteElo "1199"]
[BlackElo "1394"]
[PlyCount "118"]

1. d4 Nf6 2. Nf3 e6 3. e3 Be7 4. Bd3 h6 5. O-O O-O 6. c4 d5 7. Nc3 Nc6 8. cxd5
exd5 9. Bb5 Qd6 10. Bxc6 Qxc6 11. Ne5 Qd6 12. Qf3 c6 13. h3 Nd7 14. Ng4 Qg6 15.
Ne2 f5 16. Nf4 Qd6 17. Ne5 Nxe5 18. dxe5 Qxe5 19. Bd2 Qxb2 20. Rfd1 Qf6 21. Qg3
Kh7 22. Rac1 Qg5 23. Bc3 Qxg3 24. fxg3 Bf6 25. Bb4 Re8 26. Rd3 b6 27. Rf1 Ba6
28. Rb3 Bxf1 29. Kxf1 Re4 30. Bc3 Bxc3 31. Rxc3 Rc8 32. Ne2 c5 33. g4 fxg4 34.
Ng3 Re5 35. hxg4 Rce8 36. Kf2 Rg5 37. Kf3 Rf8+ 38. Nf5 Re8 39. Kf4 Rg6 40. Nh4
Re4+ 41. Kf3 Rgxg4 42. Nf5 Rg6 43. Ng3 Reg4 44. Nf5 Rxg2 45. a3 R2g5 46. Nh4
Rf6+ 47. Ke2 Re6 48. Nf3 Rg2+ 49. Kf1 Rg3 50. Kf2 Rgg6 51. Nh4 Rgf6+ 52. Nf3 g5
53. Ke2 d4 54. Rd3 Rxe3+ 55. Rxe3 dxe3 56. Kxe3 Kg6 57. Nh2 h5 58. Ke4 g4 59.
Ke5 Kg5 0-1

[Event "Tournoi Skype 014B"]
[Site "Skype"]
[Date "????.??.??"]
[Round "2.15"]
[White "Vello, Pablo"]
[Black "Rodriguez, Nathalie"]
[Result "0-1"]
[WhiteElo "1393"]
[BlackElo "1199"]
[PlyCount "54"]

1. d4 d5 2. c4 dxc4 3. Nc3 c6 4. b3 cxb3 5. axb3 e6 6. Nf3 h6 7. e4 Bb4 8. Bd2
Ne7 9. Be2 O-O 10. O-O Ng6 11. Qc2 Nd7 12. d5 cxd5 13. exd5 e5 14. Ne4 Bxd2 15.
Qxd2 Nb6 16. d6 f5 17. Nc5 Rf6 18. Bc4+ Nxc4 19. Qd5+ Kh7 20. Qxc4 Rxd6 21.
Rfe1 e4 22. Nxe4 fxe4 23. Qxe4 Qd7 24. Ne5 Qb5 25. Nf7 Re6 26. Qc4 Qe8 27. Qc7
Rxe1+ 0-1

[Event "Tournoi Skype 014B"]
[Site "Skype"]
[Date "????.??.??"]
[Round "2.16"]
[White "Prasad Singh, Ambika"]
[Black "Paquay, Renaud"]
[Result "1-0"]
[WhiteElo "1444"]
[BlackElo "1135"]
[PlyCount "47"]

1. e4 e5 2. Nf3 Nc6 3. Bb5 Nf6 4. O-O Bc5 5. Re1 a6 6. Ba4 O-O 7. c3 Ng4 8. d4
Bd6 9. Bg5 Ne7 10. h3 h6 11. Bxe7 Qxe7 12. hxg4 b5 13. Bb3 c5 14. dxe5 Bxe5 15.
Nxe5 Qxe5 16. Bd5 Rb8 17. Nd2 d6 18. Nf3 Qf4 19. g3 Qxg4 20. e5 Re8 21. exd6
Rxe1+ 22. Qxe1 Bd7 23. Ne5 Re8 24. Bxf7+ 1-0

[Event "Tournoi Skype 014B"]
[Site "Skype"]
[Date "????.??.??"]
[Round "2.17"]
[White "Khatanhar, Mohit"]
[Black "Armingaud, Jean-Claude"]
[Result "1/2-1/2"]
[WhiteElo "1396"]
[BlackElo "1135"]
[PlyCount "41"]

1. e4 e5 2. Nf3 Nf6 3. d3 Nc6 4. h3 Bb4+ 5. Bd2 d5 6. exd5 Nxd5 7. Be2 Qf6 8.
O-O Bxd2 9. Nbxd2 Nd4 10. c3 Nxe2+ 11. Qxe2 Nf4 12. Qe4 Bf5 13. Qe3 Bxd3 14.
Rfe1 O-O 15. Ne4 Qb6 16. Qd2 Bxe4 17. Rxe4 Rae8 18. Nxe5 Ng6 19. Qe2 Rxe5 20.
Rxe5 f6 21. Re8 1/2-1/2

[Event "Tournoi Skype 014B"]
[Site "Skype"]
[Date "????.??.??"]
[Round "2.18"]
[White "Coude, Josue"]
[Black "Douichi, Mohammed"]
[Result "0-1"]
[WhiteElo "1088"]
[BlackElo "1250"]
[PlyCount "60"]

1. e4 e5 2. Nf3 Bc5 3. Nc3 Qf6 4. a3 Ne7 5. b4 Bd4 6. Nxd4 exd4 7. Nb5 Na6 8.
Bb2 d6 9. Bxd4 Qg6 10. f3 O-O 11. Bc4 c6 12. Nxd6 Qxd6 13. Bc3 Be6 14. Bd3 f6
15. O-O c5 16. b5 Nc7 17. a4 a5 18. Rb1 b6 19. Qe2 c4 20. Bxc4 Qc5+ 21. d4 Qd6
22. e5 fxe5 23. dxe5 Qc5+ 24. Rf2 Bxc4 25. Qe4 Bd5 26. Qg4 Qxc3 27. Qg5 Rf7 28.
f4 Re8 29. f5 Qxe5 30. Qd2 Nxf5 0-1

[Event "Tournoi Skype 014B"]
[Site "Skype"]
[Date "????.??.??"]
[Round "2.19"]
[White "Hernandez, George"]
[Black "Martin, Elise"]
[Result "1-0"]
[WhiteElo "1547"]
[BlackElo "1155"]
[PlyCount "49"]

1. e4 e5 2. Nf3 Nc6 3. Bc4 Nf6 4. c3 Nxe4 5. Bb3 Bc5 6. d4 exd4 7. Qe2 d5 8.
cxd4 Bb4+ 9. Nc3 O-O 10. O-O Qf6 11. Nxd5 Qg6 12. Ne5 Nxe5 13. Ne7+ Kh8 14.
Nxg6+ fxg6 15. Qxe4 Nf7 16. Bxf7 Rxf7 17. Qe8+ Rf8 18. Qb5 Be7 19. Re1 Bh4 20.
g3 Bf6 21. Qc5 Bh3 22. Bf4 Rfc8 23. Be5 Be7 24. Qxe7 h5 25. Qxg7# 1-0

[Event "Tournoi Skype 014B"]
[Site "Skype"]
[Date "????.??.??"]
[Round "2.20"]
[White "Gieschen, Mike"]
[Black "Melin, Christiane"]
[Result "1-0"]
[WhiteElo "1457"]
[BlackElo "1136"]
[PlyCount "61"]

1. e4 e5 2. Nf3 Nf6 3. d3 d6 4. Be3 Be7 5. c3 O-O 6. d4 Nc6 7. d5 Na5 8. b4 Nc4
9. Bxc4 a6 10. O-O b5 11. Bb3 c5 12. bxc5 dxc5 13. c4 bxc4 14. Bxc4 Ng4 15. Qe2
h6 16. h3 Nf6 17. Nxe5 Bd6 18. Nf3 Nxe4 19. Bxh6 gxh6 20. Qxe4 Re8 21. Qd3 Qc7
22. Nc3 a5 23. Rae1 Bd7 24. Nb5 Bxb5 25. Bxb5 Qb7 26. Rxe8+ Kg7 27. Rxa8 Qxa8
28. Re1 Qc8 29. Qc3+ Kg6 30. Bd3+ Kh5 31. g4+ 1-0

[Event "Tournoi Skype 014B"]
[Site "Skype"]
[Date "????.??.??"]
[Round "2.21"]
[White "Dubois, Real"]
[Black "Lemoine, Gerard"]
[Result "1-0"]
[WhiteElo "1420"]
[BlackElo "1135"]
[PlyCount "85"]

1. e4 e6 2. Nf3 d5 3. e5 c5 4. Bb5+ Bd7 5. Qe2 Qb6 6. Bxd7+ Kxd7 7. c4 d4 8. d3
Nc6 9. Ng5 Nge7 10. Nxf7 Rg8 11. Ng5 Ng6 12. Nxh7 Ncxe5 13. O-O Be7 14. Ng5 Bf6
15. Ne4 a5 16. Nbd2 Nc6 17. b3 Nge5 18. Ba3 Nb4 19. Bxb4 axb4 20. Rfe1 Qc7 21.
f4 Nc6 22. Nxf6+ gxf6 23. Qxe6+ Kd8 24. Qxg8+ Kd7 25. Qf7+ Kc8 26. Re8+ Nd8 27.
Qxc7+ Kxc7 28. Ne4 Kd7 29. Rh8 Rc8 30. Nxf6+ Ke7 31. Nd5+ Kd6 32. f5 Kd7 33.
Nb6+ Kc7 34. Nxc8 Kxc8 35. Re1 Kd7 36. Ree8 Nf7 37. Rhg8 b6 38. Ra8 Ke7 39.
Ra7+ Kf6 40. Rf8 Kxf5 41. Raxf7+ Kg4 42. Rg8+ Kh4 43. Rh7# 1-0

[Event "Tournoi Skype 014B"]
[Site "Skype"]
[Date "????.??.??"]
[Round "2.22"]
[White "Gerbaux, Regis"]
[Black "Baker, Abi"]
[Result "1-0"]
[WhiteElo "1403"]
[BlackElo "1113"]
[PlyCount "47"]

1. c4 e5 2. e4 Nf6 3. d3 b6 4. Nf3 Nc6 5. Be2 Bc5 6. Be3 Bxe3 7. fxe3 Bb7 8.
O-O Qe7 9. a3 O-O-O 10. Nc3 Ng4 11. Qd2 h5 12. d4 Na5 13. Bd1 h4 14. Qd3 h3 15.
g3 g6 16. c5 Nf6 17. cxb6 Bxe4 18. Qa6+ Nb7 19. bxa7 d5 20. a8=Q+ Kd7 21. Qa4+
c6 22. Qxb7+ Ke6 23. Ng5+ Kd6 24. Qaxc6# 1-0

[Event "Tournoi Skype 014B"]
[Site "Skype"]
[Date "????.??.??"]
[Round "2.23"]
[White "Rival, Jocelyn"]
[Black "Farfallini, Michel"]
[Result "0-1"]
[WhiteElo "1086"]
[BlackElo "1335"]
[PlyCount "54"]

1. e4 e5 2. Nf3 Nc6 3. Bb5 a6 4. Ba4 b5 5. Bb3 d6 6. c3 Bg4 7. d4 Nf6 8. dxe5
dxe5 9. Qxd8+ Rxd8 10. Ng5 Bh5 11. Nxf7 Bxf7 12. Bxf7+ Kxf7 13. O-O Nxe4 14.
Bg5 Nxg5 15. Nd2 Bc5 16. Nf3 Nxf3+ 17. gxf3 Rhf8 18. Rac1 Rd2 19. Kg2 Rxb2 20.
Rcd1 Kg8 21. Rd7 Bb6 22. Rfd1 Rxf2+ 23. Kg3 R8xf3+ 24. Kg4 h5+ 25. Kxh5 Rxh2+
26. Kg6 Rg2+ 27. Kh5 Rh3# 0-1

[Event "Tournoi Skype 014B"]
[Site "Skype"]
[Date "????.??.??"]
[Round "2.24"]
[White "Picard, Mario"]
[Black "Nalbant, Atakan"]
[Result "1-0"]
[WhiteElo "1311"]
[BlackElo "1100"]
[PlyCount "53"]

1. d4 e5 2. dxe5 Nc6 3. Nf3 Nge7 4. c4 Nf5 5. Bg5 f6 6. exf6 gxf6 7. Bd2 Bc5 8.
e4 Nfd4 9. Nc3 O-O 10. Bf4 d6 11. Be3 Ne6 12. Bxc5 dxc5 13. Qc2 Nb4 14. Qb1 Ng5
15. g3 Qd7 16. Be2 Qc6 17. O-O f5 18. Nxg5 Re8 19. exf5 Rf8 20. f6 Rxf6 21.
Qxh7+ Kf8 22. Qh8+ Ke7 23. Qg7+ Kd8 24. Rad1+ Bd7 25. Qg8+ Ke7 26. Qg7+ Rf7 27.
Qxf7+ 1-0

[Event "Tournoi Skype 014B"]
[Site "Skype"]
[Date "????.??.??"]
[Round "2.25"]
[White "Talbot, Jean"]
[Black "Vervoort, Jean-Louis"]
[Result "0-1"]
[WhiteElo "1068"]
[BlackElo "1292"]
[PlyCount "76"]

1. e4 e5 2. Nf3 Nc6 3. Nc3 Nf6 4. Bc4 h6 5. O-O Bc5 6. Re1 Ng4 7. Re2 O-O 8. h3
Nxf2 9. Rxf2 Bxf2+ 10. Kxf2 d6 11. d4 exd4 12. Nxd4 Ne5 13. b3 c6 14. a4 Qf6+
15. Nf3 Nxf3 16. Qxf3 Qd4+ 17. Qe3 Qe5 18. Ba3 Re8 19. Kf3 d5 20. Re1 dxc4 21.
bxc4 Re6 22. g4 Bd7 23. h4 Rae8 24. c5 Qf6+ 25. Kg3 Qg6 26. h5 Qf6 27. Bc1 g6
28. Qxh6 Qxc3+ 29. Re3 Qe5+ 30. Kh4 Qf6+ 31. g5 Qf4+ 32. Kh3 Qf1+ 33. Kh4 Qxc1
34. hxg6 Rxe4+ 35. Rxe4 Rxe4+ 36. Kg3 Qg1+ 37. Kf3 Re3+ 38. Kf4 Qf2# 0-1

[Event "Tournoi Skype 014B"]
[Site "Skype"]
[Date "????.??.??"]
[Round "2.26"]
[White "Karia, Kirti"]
[Black "Bustos, Ricardo"]
[Result "1-0"]
[WhiteElo "1267"]
[BlackElo "1081"]
[PlyCount "59"]

1. e4 c5 2. Nc3 Nc6 3. f4 e6 4. Nf3 Nge7 5. Bc4 g6 6. d3 Bg7 7. O-O O-O 8. Qe1
Qc7 9. Qh4 a6 10. Ng5 h6 11. Nf3 b5 12. Bb3 b4 13. Na4 d6 14. f5 exf5 15. Bxh6
Be6 16. Ng5 Bxb3 17. Bxg7 Kxg7 18. axb3 Rh8 19. Qf4 Ne5 20. exf5 Nxf5 21. c3
Nxd3 22. Qf3 Ne5 23. Qd5 Ne3 24. Qe4 Nxf1 25. Rxf1 Raf8 26. Qf4 a5 27. Qf6+ Kh6
28. Rf4 Kh5 29. Ne6 fxe6 30. Rh4# 1-0

[Event "Tournoi Skype 014B"]
[Site "Skype"]
[Date "????.??.??"]
[Round "2.27"]
[White "Amato, Ludovica"]
[Black "Gagnon, Sindy"]
[Result "1-0"]
[WhiteElo "1250"]
[BlackElo "1046"]
[PlyCount "29"]

1. e4 e5 2. Nf3 Nf6 3. Nxe5 Nxe4 4. Bc4 Be7 5. Nxf7 Nc6 6. Nxd8 Nxd8 7. O-O Nd6
8. Bb3 b6 9. Re1 N8f7 10. Qe2 Nf5 11. Qe4 d5 12. Bxd5 Rb8 13. Qe2 g6 14. g4 Nd4
15. Qxe7# 1-0

[Event "Tournoi Skype 014B"]
[Site "Skype"]
[Date "????.??.??"]
[Round "2.28"]
[White "Mantelli, Luca"]
[Black "Farthouat, Catherine"]
[Result "1-0"]
[WhiteElo "1239"]
[BlackElo "1041"]
[PlyCount "73"]

1. d4 Nf6 2. Nf3 g6 3. g3 Bg7 4. Bg2 O-O 5. O-O e6 6. c4 d5 7. e3 b6 8. cxd5
exd5 9. Nc3 c5 10. b3 Nc6 11. Bb2 Re8 12. Re1 Bg4 13. h3 Bh5 14. g4 cxd4 15.
Nxd4 Rc8 16. Nxc6 Rxc6 17. Rc1 Bxg4 18. hxg4 a5 19. Nxd5 Nxd5 20. Rxc6 Qd7 21.
Bxd5 Bxb2 22. Rxb6 Re7 23. Rb7 Qe8 24. Rxe7 Qxe7 25. Qd2 Qh4 26. f3 Qg3+ 27.
Kf1 Ba3 28. Qxa5 Qh3+ 29. Ke2 Qg2+ 30. Kd1 Qxa2 31. e4 Qa1+ 32. Ke2 Qb2+ 33.
Kf1 Bd6 34. Qd8+ Bf8 35. Qd7 Bc5 36. Qxf7+ Kh8 37. Qg8# 1-0

[Event "Tournoi Skype 014B"]
[Site "Skype"]
[Date "????.??.??"]
[Round "2.29"]
[White "Letourneau, Judith"]
[Black "Alverson, Ginny"]
[Result "0-1"]
[WhiteElo "1000"]
[BlackElo "1211"]
[PlyCount "40"]

1. e4 c5 2. Nf3 Nc6 3. Bb5 Nf6 4. O-O Nxe4 5. d3 Nd6 6. Bxc6 bxc6 7. Nc3 Bb7 8.
d4 cxd4 9. Nxd4 e5 10. f4 exd4 11. Qxd4 Nf5 12. Qe4+ Ne7 13. f5 d5 14. Qh4 f6
15. Re1 d4 16. Qxd4 Qxd4+ 17. Kf1 Qc4+ 18. Kf2 Rd8 19. Bf4 Qxf4+ 20. Ke2 Rd2#
0-1

[Event "Tournoi Skype 014B"]
[Site "Skype"]
[Date "????.??.??"]
[Round "2.30"]
[White "Cengiz, Cem"]
[Black "Kruk, Clementine"]
[Result "1-0"]
[WhiteElo "1210"]
[BlackElo "1000"]
[PlyCount "85"]

1. e4 e5 2. Nf3 Nc6 3. Nc3 Nf6 4. d4 d6 5. Bb5 Bd7 6. O-O a6 7. Be2 Be6 8. d5
Qd7 9. dxe6 Qxe6 10. Nd5 Nxd5 11. exd5 Qf5 12. dxc6 bxc6 13. Qd3 e4 14. Qe3 d5
15. Nd4 Qe5 16. Nxc6 Qd6 17. Nd4 Qc5 18. Nf5 g6 19. Qxc5 Bxc5 20. Be3 d4 21.
Bxd4 Bb4 22. Ne3 O-O 23. Ng4 Rfd8 24. Bc3 Bc5 25. Nf6+ Kf8 26. Nxe4 Bb6 27. Nf6
Rd6 28. Nxh7+ Kg8 29. Nf6+ Kf8 30. Rad1 Re6 31. Bf3 Rb8 32. Nd7+ Ke7 33. Nxb8
Bc5 34. Rd7+ Ke8 35. Rfd1 Rd6 36. Rxc7 Kd8 37. Rxf7 Ke8 38. Rh7 Rd8 39. Nc6 Rd6
40. Re1+ Kf8 41. Ree7 Rxc6 42. Reg7 Re6 43. Rh8# 1-0

[Event "Tournoi Skype 014B"]
[Site "Skype"]
[Date "????.??.??"]
[Round "2.31"]
[White "Bilsel, Sebahittin"]
[Black "Marty, Yvette"]
[Result "1-0"]
[WhiteElo "1200"]
[BlackElo "1000"]
[PlyCount "49"]

1. e4 e5 2. Nf3 Nc6 3. Bc4 Bc5 4. d3 Nf6 5. Nc3 h6 6. O-O Ne7 7. Nxe5 Nfg8 8.
Nxf7 d5 9. Nxd8 Kxd8 10. Bxd5 Nxd5 11. Nxd5 b6 12. d4 Bd6 13. Qf3 c6 14. e5 Be7
15. Nxe7 Nxe7 16. Re1 Ke8 17. Qh5+ g6 18. Qh4 Bf5 19. c4 b5 20. Bg5 Ng8 21.
cxb5 cxb5 22. Rac1 Kd7 23. e6+ Bxe6 24. Qe4 Re8 25. Qc6# 1-0

[Event "Tournoi Skype 014B"]
[Site "Skype"]
[Date "????.??.??"]
[Round "2.32"]
[White "Lequeux, Pierre"]
[Black "Pedneault, Anne-Frederique"]
[Result "1-0"]
[WhiteElo "1199"]
[BlackElo "1000"]
[PlyCount "39"]

1. e4 e5 2. d3 Be7 3. Nf3 Nc6 4. Be2 Nf6 5. a3 d5 6. exd5 Nxd5 7. d4 Bg5 8.
dxe5 Bxc1 9. Qxc1 O-O 10. Qd2 Re8 11. Bc4 Nxe5 12. Nxe5 Rxe5+ 13. Be2 c6 14.
O-O Bh3 15. gxh3 Rg5+ 16. Bg4 h5 17. Kh1 hxg4 18. Rg1 Qe7 19. Nc3 Qe4+ 20. Nxe4
1-0

[Event "Tournoi Skype 014B"]
[Site "Skype"]
[Date "????.??.??"]
[Round "3.1"]
[White "Steenkamp, Brandt"]
[Black "Talbot, Jacques"]
[Result "0-1"]
[WhiteElo "1403"]
[BlackElo "1475"]
[PlyCount "78"]

1. e4 e5 2. Nf3 d6 3. d4 exd4 4. Bg5 Be7 5. Bb5+ c6 6. Bxe7 Qxe7 7. Bd3 Nf6 8.
O-O O-O 9. Nbd2 Bg4 10. b4 Re8 11. a4 a6 12. Bc4 Nxe4 13. Nxe4 Qxe4 14. Re1
Qxe1+ 15. Qxe1 Rxe1+ 16. Rxe1 Kf8 17. Nxd4 Nd7 18. f3 Bh5 19. Nf5 d5 20. Re7
Rd8 21. Bd3 Bg6 22. c4 Bxf5 23. Rxf7+ Kxf7 24. Bxf5 g6 25. Bxd7 Rxd7 26. b5
axb5 27. axb5 dxc4 28. bxc6 bxc6 29. Kf2 Rd2+ 30. Ke3 c3 31. g3 Rxh2 32. Kd3 c2
33. Kc3 c1=Q+ 34. Kd4 Rd2+ 35. Ke5 Qe1+ 36. Kf4 Rd4+ 37. Kg5 Qe5+ 38. Kh6 Rd5
39. f4 Qh5# 0-1

[Event "Tournoi Skype 014B"]
[Site "Skype"]
[Date "????.??.??"]
[Round "3.2"]
[White "Cossalter, Maurizio"]
[Black "Bendre, Pankaj"]
[Result "0-1"]
[WhiteElo "1459"]
[BlackElo "1399"]
[PlyCount "58"]

1. Nf3 d5 2. d4 Nf6 3. c4 e6 4. e3 c6 5. Bd3 Bd6 6. Nc3 Nbd7 7. O-O O-O 8. b3
a6 9. Re1 c5 10. cxd5 exd5 11. Bb2 Nb6 12. Ba3 Qc7 13. dxc5 Bxc5 14. Bxc5 Qxc5
15. Qc2 Be6 16. Ng5 d4 17. Nce4 Qxc2 18. Bxc2 Nxe4 19. Bxe4 dxe3 20. Rxe3 g6
21. Bxb7 Ra7 22. Be4 Re8 23. Rae1 Bd7 24. Bf3 Rxe3 25. Rxe3 Rc7 26. g3 Bb5 27.
a4 Rc1+ 28. Kg2 Bf1+ 29. Kg1 Bh3+ 0-1